[Event "C.to Provinciale AN-AP-FM-MC"]
[Site "Porto Sant'Elpidio ITA"]
[Date "2016.01.29"]
[Round "1"]
[White "Bruni, Emiliano"]
[Black "Cerquetti, Edoardo"]
[WhiteElo "1784"]
[BlackElo "1388"]
[Result "1-0"]
[PlyCount "77"]
[EventDate "2016.01.29"]

1. e4 c5 2. Nf3 d6 3. d4 cxd4 4. Nxd4 a6 5. Nc3 Nf6 6. g3 e5 7. Nde2 Be7 8. Bg2
O-O 9. h3 Be6 10. g4 b5 11. a3 Qc7 12. O-O Nbd7 13. Ng3 Nc5 14. g5 Nfd7 15. f4
Bc4 16. Rf2 Ne6 17. Nf5 Rfe8 18. Nxe7+ Rxe7 19. f5 Nef8 20. Qf3 f6 21. h4 b4
22. axb4 Rb8 23. b3 Bb5 24. Nd5 Qd8 25. Nxe7+ Qxe7 26. c4 Bc6 27. Rxa6 Bb7 28.
Ra7 Bc8 29. Qc3 fxg5 30. Bxg5 Qf7 31. b5 Rb7 32. Rxb7 Bxb7 33. b4 h6 34. Bd2
Nf6 35. Qd3 Qh5 36. c5 Ng4 37. Qf3 g5 38. c6 gxh4 39. Qb3+ 1-0

[Event "C.to Provinciale AN-AP-FM-MC"]
[Site "Porto Sant'Elpidio ITA"]
[Date "2016.01.29"]
[Round "1"]
[White "Cappella, Leonardo"]
[Black "Occhipinti, Giuseppe"]
[WhiteElo "1649"]
[BlackElo "1969"]
[Result "1-0"]
[PlyCount "117"]
[EventDate "2016.01.29"]

1. d4 f5 2. c4 e6 3. Nf3 Nf6 4. e3 d5 5. Nbd2 c6 6. Ne5 Bd6 7. Nd3 O-O 8. Be2
Nbd7 9. c5 Bc7 10. O-O e5 11. f4 exd4 12. exd4 Re8 13. Ne5 Nf8 14. Ndf3 Ne6 15.
b4 a6 16. a4 Ne4 17. Qb3 Qf6 18. Be3 g5 19. g3 g4 20. Nh4 Nf8 21. b5 Ng6 22. b6
Bd8 23. Nhxg6 hxg6 24. Bd3 Kg7 25. Rfb1 Qe6 26. Qb2 Bd7 27. Rc1 Bf6 28. Rc2 Rh8
29. Rac1 Rh3 30. Rg2 Qe7 31. Rcc2 Be8 32. a5 Qe6 33. Rce2 Rh5 34. Rc2 g5 35.
Qa2 gxf4 36. gxf4 Bf7 37. Qb2 Rh3 38. Rce2 Bh5 39. Re1 Bh4 40. Ree2 Kf6 41.
Bxe4 fxe4 42. Bf2 g3 43. Bxg3 Bxg3 44. Rxg3 Rxg3+ 45. hxg3 Bxe2 46. Qxe2 Rg8
47. Qh2 Ke7 48. Qh7+ Ke8 49. Qxb7 Rxg3+ 50. Kf2 Rf3+ 51. Ke2 Rxf4 52. Qxc6+
Qxc6 53. Nxc6 Rf7 54. Nb4 Kd8 55. c6 Kc8 56. b7+ Rxb7 57. cxb7+ Kxb7 58. Nxd5
Kc6 59. Nc3 1-0

[Event "C.to Provinciale AN-AP-FM-MC"]
[Site "Porto Sant'Elpidio ITA"]
[Date "2016.01.29"]
[Round "1"]
[White "Foglia, Maurizio"]
[Black "Marinucci, Johnny"]
[WhiteElo "2090"]
[BlackElo "1666"]
[Result "1-0"]
[PlyCount "83"]
[EventDate "2016.01.29"]

1. d4 Nf6 2. Bg5 d5 3. Nc3 Bf5 4. f3 Nbd7 5. Nxd5 Nxd5 6. e4 f6 7. Bc1 Be6 8.
exd5 Bxd5 9. Ne2 Bf7 10. Nc3 c6 11. Bd3 Qb6 12. Qe2 O-O-O 13. Be3 Qxb2 14. Kd2
Qa3 15. d5 cxd5 16. Nb5 Qa5+ 17. Kc1 e5 18. Nxa7+ Kb8 19. Nb5 d4 20. Bd2 Qa4
21. Rb1 Bg6 22. Bxg6 hxg6 23. Rb2 Rc8 24. Kb1 g5 25. g3 Be7 26. f4 gxf4 27.
gxf4 Qc4 28. Qg2 Qc6 29. Qxg7 Qxh1+ 30. Bc1 Rhe8 31. fxe5 fxe5 32. Qg6 Qc6 33.
Qd3 Nc5 34. Qe2 Bf8 35. Bd2 Ne4 36. Be1 Nc3+ 37. Nxc3 dxc3 38. Rb3 Qh1 39. a4
e4 40. Ka2 Qf3 41. Bg3+ Ka7 42. Qb5 1-0

[Event "C.to Provinciale AN-AP-FM-MC"]
[Site "Porto Sant'Elpidio ITA"]
[Date "2016.01.29"]
[Round "1"]
[White "Fratini, Mauro"]
[Black "Ricci, Angelo"]
[WhiteElo "1815"]
[BlackElo "1445"]
[Result "1-0"]
[PlyCount "56"]
[EventDate "2016.01.29"]

1. d4 Nf6 2. Bf4 d6 3. e3 g6 4. h3 Bg7 5. Be2 Nbd7 6. Nf3 b6 7. O-O Bb7 8. c4
c5 9. Nc3 O-O 10. Bh2 Ne4 11. Qc2 Nxc3 12. bxc3 Kh8 13. Rfd1 f5 14. Ng5 Rf6 15.
d5 Nf8 16. f4 h6 17. Nf3 Nh7 18. Nh4 e6 19. e4 g5 20. e5 gxh4 21. exf6 Qxf6 22.
Rac1 Rg8 23. Bh5 Nf8 24. Qa4 a6 25. Qe8 exd5 26. cxd5 Nh7 27. Qg6 Qe7 28. Re1
Bd4+ 1-0

[Event "C.to Provinciale AN-AP-FM-MC"]
[Site "Porto Sant'Elpidio ITA"]
[Date "2016.01.29"]
[Round "1"]
[White "Guglielmi, Dante"]
[Black "Censi, Cesare"]
[WhiteElo "1851"]
[BlackElo "1514"]
[Result "1-0"]
[PlyCount "103"]
[EventDate "2016.01.29"]

1. c4 e5 2. Nc3 Bb4 3. g3 Nf6 4. Bg2 c6 5. Qb3 Bxc3 6. Qxc3 Qe7 7. Nf3 d6 8.
O-O c5 9. d3 h6 10. b4 Nbd7 11. bxc5 Nxc5 12. Ba3 Nfd7 13. d4 exd4 14. Qxd4 O-O
15. e3 Qf6 16. Rad1 Qxd4 17. Rxd4 Re8 18. Rxd6 Ne4 19. Rd3 Ndf6 20. Nd4 a6 21.
Rb1 Nd7 22. Ne2 Nb8 23. Nc3 Nxc3 24. Rxc3 Nc6 25. Rb6 Re6 26. Bh3 Nd4 27. Rb2
Nf3+ 28. Kg2 Rf6 29. Bxc8 Rxc8 30. Rxb7 Ne1+ 31. Kf1 Nf3 32. c5 Nxh2+ 33. Ke2
Rcc6 34. Rc4 Nf3 35. Rf4 Ne5 36. Rxf6 Rxf6 37. Rb6 Rc6 38. f4 Rxb6 39. cxb6 Nd7
40. b7 f6 41. Bd6 Kf7 42. b8=Q Nxb8 43. Bxb8 Ke6 44. e4 Kd7 45. Kd3 Kc6 46. Kc4
a5 47. g4 g6 48. Ba7 f5 49. exf5 gxf5 50. gxf5 Kd6 51. Bf2 Ke7 52. Bh4+ 1-0

[Event "C.to Provinciale AN-AP-FM-MC"]
[Site "Porto Sant'Elpidio ITA"]
[Date "2016.01.29"]
[Round "1"]
[White "Marvulli, Michele"]
[Black "Della Mora, David"]
[WhiteElo "1407"]
[BlackElo "1813"]
[Result "0-1"]
[PlyCount "110"]
[EventDate "2016.01.29"]

1. e4 d6 2. d4 Nf6 3. Nc3 g6 4. h3 Bg7 5. Be3 O-O 6. Qd2 Nbd7 7. Bd3 c6 8. a4
e5 9. Nge2 Ne8 10. O-O exd4 11. Nxd4 Ne5 12. Be2 Nf6 13. f4 Ned7 14. f5 Nc5 15.
fxg6 hxg6 16. Bf3 Re8 17. Bg5 Nfxe4 18. Nxe4 Nxe4 19. Bxe4 Qb6 20. Rae1 Qxd4+
21. Qxd4 Bxd4+ 22. Kh1 Bxb2 23. Bd3 Rxe1 24. Rxe1 Be5 25. Rf1 Be6 26. Bf6 Bxf6
27. Rxf6 Kg7 28. Rf2 Rh8 29. Kh2 Rh4 30. c4 Rd4 31. Bf1 Bxc4 32. Bxc4 Rxc4 33.
Rb2 b6 34. a5 bxa5 35. Rb7 a4 36. Rxa7 d5 37. Kg1 c5 38. Ra6 Rb4 39. Ra5 Rc4
40. Kf1 f5 41. Ke1 Kf6 42. Kd2 Ke5 43. g3 Rd4+ 44. Kc3 c4 45. Rxa4 Rd3+ 46. Kb4
Rxg3 47. Kc5 c3 48. Ra1 d4 49. Kc4 c2 50. Re1+ Re3 51. Rc1 Rc3+ 52. Kb4 Ke4 53.
h4 Rc8 54. Kb3 d3 55. Re1+ Kf3 0-1

[Event "C.to Provinciale AN-AP-FM-MC"]
[Site "Porto Sant'Elpidio ITA"]
[Date "2016.01.29"]
[Round "1"]
[White "Pocognoli, Gianfranco"]
[Black "Marzetti, Alessandro"]
[WhiteElo "1694"]
[BlackElo "1276"]
[Result "1-0"]
[PlyCount "89"]
[EventDate "2016.01.29"]

1. d4 Nf6 2. Nd2 Nc6 3. c3 d5 4. f4 e6 5. e3 Be7 6. Ngf3 Bd7 7. Bd3 Rb8 8. b4
O-O 9. Nb3 Re8 10. b5 Nb4 11. cxb4 Bxb4+ 12. Bd2 Qe7 13. O-O Bd6 14. Ne5 c5 15.
bxc6 bxc6 16. Rc1 Rec8 17. Nc5 Bxc5 18. Rxc5 Rb2 19. a3 Ne4 20. Bxe4 dxe4 21.
Bb4 Qd8 22. Qc1 Re2 23. Rf2 Rxf2 24. Kxf2 a5 25. Bxa5 Qe8 26. Nc4 Rb8 27. Bb4
f5 28. Ne5 Rb5 29. Rxb5 cxb5 30. Qc7 Bc8 31. Qe7 Qxe7 32. Bxe7 g6 33. Ke1 Kg7
34. Kd2 Kh6 35. h3 Ba6 36. g4 Kg7 37. g5 h6 38. h4 b4 39. axb4 hxg5 40. hxg5
Bb5 41. Kc3 Ba6 42. Nc4 Kf7 43. Bf6 Ke8 44. b5 Bxb5 45. Nd6+ 1-0

[Event "C.to Provinciale AN-AP-FM-MC"]
[Site "Porto Sant'Elpidio ITA"]
[Date "2016.01.29"]
[Round "1"]
[White "Rinaudo, Claudio"]
[Black "Agostinelli, Michele"]
[WhiteElo "1892"]
[BlackElo "1558"]
[Result "1-0"]
[PlyCount "127"]
[EventDate "2016.01.29"]

1. d4 d5 2. Nf3 Nf6 3. e3 e6 4. Bd3 Be7 5. Nbd2 O-O 6. e4 dxe4 7. Nxe4 Nbd7 8.
O-O b6 9. Qe2 Bb7 10. Nxf6+ Nxf6 11. c3 c5 12. dxc5 Bxc5 13. Rd1 Qc7 14. Ne5
Bd6 15. Bf4 Rad8 16. Bg3 Bxe5 17. Bxe5 Qc6 18. f3 Kh8 19. Kh1 Nd7 20. Bb5 Qc8
21. Bxd7 Rxd7 22. Rxd7 Qxd7 23. Rd1 Qc8 24. Qd3 f6 25. Bg3 Bd5 26. b3 Bb7 27.
Qd7 e5 28. Kg1 e4 29. Qxc8 Rxc8 30. fxe4 Bxe4 31. c4 h6 32. Bf2 Kh7 33. Rd7 Ra8
34. Kf1 Bb1 35. Rd2 Re8 36. b4 Re5 37. c5 bxc5 38. bxc5 Re6 39. a3 a6 40. Bg3
Be4 41. Rd7 Bc6 42. Rc7 Bb5+ 43. Kf2 Re2+ 44. Kf3 Ra2 45. Bd6 Rxa3+ 46. Ke4 Kg6
47. Bf8 Ra4+ 48. Kd5 Bc4+ 49. Kc6 Bf7 50. Kb6 Ra2 51. h4 h5 52. g4 hxg4 53. h5+
Kxh5 54. Rxf7 g3 55. Rxg7 Kh4 56. Be7 Kh3 57. Bxf6 g2 58. c6 Rc2 59. Bd4 Kh2
60. Bc5 a5 61. c7 Rb2+ 62. Ka6 Rc2 63. c8=Q Rxc5 64. Qxc5 1-0

[Event "C.to Provinciale AN-AP-FM-MC"]
[Site "Porto Sant'Elpidio ITA"]
[Date "2016.01.29"]
[Round "1"]
[White "Sagripanti, Michele"]
[Black "Lattanzi, Matteo"]
[WhiteElo "2157"]
[BlackElo "1686"]
[Result "1-0"]
[PlyCount "63"]
[EventDate "2016.01.29"]

1. e4 d6 2. d4 Nf6 3. Nc3 c6 4. a4 Qa5 5. Bd2 Qb6 6. Nf3 Bg4 7. a5 Qc7 8. h3
Bxf3 9. Qxf3 e6 10. Bd3 d5 11. exd5 exd5 12. O-O Be7 13. Ne2 O-O 14. Ng3 Re8
15. Nf5 Bf8 16. Nh6+ Kh8 17. Bf4 Qe7 18. Bd6 Qe6 19. Bf5 Qe2 20. Qxe2 Rxe2 21.
Bxf8 gxh6 22. Bxh6 Nbd7 23. Be3 Ne4 24. Bxd7 Rxc2 25. b4 Rb2 26. a6 bxa6 27.
Bxc6 Rd8 28. Rxa6 Rxb4 29. Rxa7 Kg7 30. Rd7 Rxd7 31. Bxd7 Nf6 32. Bf5 1-0

[Event "C.to Provinciale AN-AP-FM-MC"]
[Site "Porto Sant'Elpidio ITA"]
[Date "2016.01.29"]
[Round "1"]
[White "Skrijely, Edin"]
[Black "Gregori, Giacomo"]
[WhiteElo "1682"]
[BlackElo "2122"]
[Result "0-1"]
[PlyCount "66"]
[EventDate "2016.01.29"]

1. e4 c6 2. d4 d5 3. e5 c5 4. c3 Nc6 5. Bb5 e6 6. Nf3 Bd7 7. O-O Nxe5 8. Be2
Nxf3+ 9. Bxf3 Nf6 10. Nd2 Bd6 11. Re1 O-O 12. Nf1 Rc8 13. Ng3 h6 14. Be3 cxd4
15. Bxd4 Re8 16. Qb3 b6 17. Be5 Bxe5 18. Rxe5 Bc6 19. Rae1 Qc7 20. R5e3 e5 21.
Be2 d4 22. Rd3 Bd5 23. Qa4 Bc4 24. Rf3 e4 25. Rxf6 gxf6 26. Bg4 Rcd8 27. cxd4
b5 28. Qc2 Qf4 29. Rxe4 Rxe4 30. Nxe4 Rxd4 31. Bf3 Bd3 32. Qc8+ Kh7 33. Ng3 Rc4
0-1

[Event "C.to Provinciale AN-AP-FM-MC"]
[Site "Porto Sant'Elpidio ITA"]
[Date "2016.01.29"]
[Round "1"]
[White "Tibulca Victor, George"]
[Black "Marchetti, Michael"]
[WhiteElo "1452"]
[BlackElo "1818"]
[Result "0-1"]
[PlyCount "70"]
[EventDate "2016.01.29"]

1. d4 Nf6 2. Nf3 d5 3. e3 g6 4. Bd3 Bg7 5. Nbd2 Nbd7 6. O-O O-O 7. c4 e6 8. c5
c6 9. Qc2 a5 10. Re1 b6 11. e4 bxc5 12. dxc5 Qe7 13. Ne5 Nxe5 14. b3 Nxd3 15.
Qxd3 Ba6 16. Qg3 Nxe4 17. Nxe4 dxe4 18. Rb1 Bd3 19. Bb2 Bxb1 20. Bxg7 Kxg7 21.
Rxb1 Qxc5 22. h3 Rad8 23. Qg4 Rd2 24. Qxe4 Rxf2 25. Kh1 Qc2 26. Rg1 Qxe4 27. a4
Rf4 28. b4 Rh4 29. Rf1 Rxh3+ 30. Kg1 Qe3+ 31. Rf2 Rh1+ 32. Kxh1 Qxf2 33. bxa5
Rd8 34. a6 Qh4+ 35. Kg1 Rd1# 0-1

[Event "C.to Provinciale AN-AP-FM-MC"]
[Site "Porto Sant'Elpidio ITA"]
[Date "2016.01.29"]
[Round "1"]
[White "Vannicola, Roberto"]
[Black "Miandro, Steven"]
[WhiteElo "1541"]
[BlackElo "1881"]
[Result "0-1"]
[PlyCount "138"]
[EventDate "2016.01.29"]

1. c4 Nf6 2. Nc3 g6 3. g3 Bg7 4. Bg2 O-O 5. Nf3 d6 6. O-O e5 7. d3 Nc6 8. Bg5
h6 9. Bxf6 Bxf6 10. a3 a5 11. Qd2 Bg7 12. Rab1 Be6 13. Ne1 Qd7 14. Nc2 Bh3 15.
b4 Bxg2 16. Kxg2 axb4 17. axb4 Ne7 18. e4 f5 19. f3 fxe4 20. fxe4 Kh7 21. Rxf8
Rxf8 22. Rf1 Rxf1 23. Kxf1 Qh3+ 24. Qg2 Qe6 25. Qf2 c6 26. Qg2 h5 27. Qf3 Ng8
28. Kg2 Nf6 29. h3 Bh6 30. Ne3 Kg7 31. Ned1 Qc8 32. Qe2 Qa8 33. Qa2 Qxa2+ 34.
Nxa2 Kf7 35. Nf2 Ke6 36. Kf3 d5 37. b5 dxc4 38. dxc4 cxb5 39. cxb5 Bd2 40. Nd3
Kd6 41. g4 hxg4+ 42. hxg4 Nd7 43. Ke2 Ba5 44. Nac1 Nc5 45. Nxc5 Kxc5 46. Nb3+
Kxb5 47. Kd3 Be1 48. Nc1 Kc6 49. Kc4 b5+ 50. Kb3 Ba5 51. Nd3 Kd6 52. Kc2 Ke6
53. Nc5+ Kf7 54. Nd3 Kf6 55. Nc5 Kg5 56. Nd3 Bc7 57. Nf2 Bb6 58. Nd3 Bd4 59.
Kb3 Kxg4 60. Kb4 Kf3 61. Kxb5 Kxe4 62. Kc4 g5 63. Ne1 g4 64. Ng2 g3 65. Nh4 Kf4
66. Kd3 Kg4 67. Ng2 Kf3 68. Nh4+ Kf2 69. Nf5 g2 0-1

[Event "C.to Provinciale AN-AP-FM-MC"]
[Site "Porto Sant'Elpidio ITA"]
[Date "2016.01.29"]
[Round "1"]
[White "Vincioni, Alberto"]
[Black "Nagni, Marco"]
[WhiteElo "1285"]
[BlackElo "1775"]
[Result "0-1"]
[PlyCount "97"]
[EventDate "2016.01.29"]

1. e4 c5 2. Nf3 Nc6 3. Bb5 e6 4. O-O Nge7 5. Nc3 a6 6. Bxc6 Nxc6 7. d3 b5 8. a3
d6 9. d4 cxd4 10. Nxd4 Bb7 11. Be3 Be7 12. Qg4 Nxd4 13. Bxd4 Bf6 14. Bxf6 Qxf6
15. Rad1 Rd8 16. Rfe1 O-O 17. Qg3 Qe7 18. Rd3 Rd7 19. Red1 Rfd8 20. Qg4 Bc6 21.
Rh3 g6 22. Ne2 f5 23. exf5 exf5 24. Qg3 Qxe2 25. Qb3+ Qc4 26. Rdd3 Qxb3 27.
Rxb3 Re7 28. Kf1 Rde8 29. Rhe3 Rxe3 30. fxe3 Kf7 31. Rc3 Rc8 32. Kf2 Ke6 33. g3
Bb7 34. Rxc8 Bxc8 35. Kf3 Ke5 36. h3 h6 37. g4 Bb7+ 38. Kg3 Ke4 39. gxf5 gxf5
40. Kf2 Bc8 41. b3 f4 42. exf4 Kxf4 43. h4 Kg4 44. c4 bxc4 45. bxc4 Be6 46. Ke3
Bxc4 47. Kd4 d5 48. a4 Kxh4 49. a5 0-1

[Event "C.to Provinciale AN-AP-FM-MC"]
[Site "Porto Sant'Elpidio ITA"]
[Date "2016.01.29"]
[Round "1"]
[White "Zingaretti, Primo"]
[Black "Sbraccia, Giovanni"]
[WhiteElo "1569"]
[BlackElo "1919"]
[Result "0-1"]
[PlyCount "100"]
[EventDate "2016.01.29"]

1. e4 c6 2. f4 d5 3. exd5 cxd5 4. d4 Nf6 5. Nc3 Nc6 6. Nf3 Bg4 7. Bb5 e6 8. a3
Bd6 9. h3 Bxf3 10. Qxf3 O-O 11. Bxc6 bxc6 12. b4 Qb6 13. Be3 a5 14. bxa5 Qb2
15. O-O Qxc3 16. Qe2 Ne4 17. Kh2 Rxa5 18. a4 Rfa8 19. Rfb1 Rxa4 20. Rxa4 Rxa4
21. Rb3 Qc4 22. Qd1 g6 23. Rb2 Ra3 24. Qc1 Qc3 25. Rb3 Rxb3 26. cxb3 Qxc1 27.
Bxc1 g5 28. g3 gxf4 29. gxf4 Kg7 30. Kg2 Kg6 31. Kf3 Kf5 32. Be3 Nf6 33. Bd2
Nh5 34. h4 Bxf4 35. Bb4 Bg3 36. Be7 f6 37. Ke3 Bxh4 38. Kd3 Nf4+ 39. Kc3 Be1+
40. Kc2 h5 41. Kd1 Ba5 42. b4 Bb6 43. Bc5 Bc7 44. Kc2 h4 45. Kb3 h3 46. Ka4 Nd3
47. b5 Nxc5+ 48. dxc5 cxb5+ 49. Kxb5 h2 50. Kc6 Be5 0-1

[Event "C.to Provinciale AN-AP-FM-MC"]
[Site "Porto Sant'Elpidio ITA"]
[Date "2016.01.30"]
[Round "2"]
[White "Agostinelli, Michele"]
[Black "Vincioni, Alberto"]
[WhiteElo "1558"]
[BlackElo "1285"]
[Result "0-1"]
[PlyCount "98"]
[EventDate "2016.01.29"]

1. e4 c5 2. Nf3 d6 3. d4 cxd4 4. Nxd4 e6 5. Bd3 Nf6 6. O-O Nc6 7. c3 Qb6 8. Nb3
Be7 9. Be3 Qc7 10. h3 O-O 11. N1d2 a6 12. Nf3 h6 13. Qd2 Ne5 14. Nbd4 Rd8 15.
Nxe5 dxe5 16. Nf3 Nh5 17. g3 f5 18. Kh1 fxe4 19. Bxh6 Rxd3 20. Qe2 gxh6 21.
Qxe4 Rxf3 22. Qxf3 Qc6 23. Qxc6 bxc6 24. Rfe1 Bf6 25. Rad1 Bb7 26. Rd7 Rb8 27.
Kh2 Ng7 28. Re3 Nf5 29. Rf3 c5 30. Rxb7 Rxb7 31. g4 Rxb2 32. gxf5 exf5 33. Rxf5
Kg7 34. Kg2 Kg6 35. Rf3 Rxa2 36. Kg3 a5 37. h4 Ra4 38. h5+ Kg5 39. Rd3 Rg4+ 40.
Kf3 Kxh5 41. Rd5 Rf4+ 42. Ke3 Rc4 43. Kd3 Rf4 44. Ke2 Re4+ 45. Kf3 Rc4 46. Ke2
Rxc3 47. f3 Kh4 48. f4 exf4 49. Rf5 Bg5 0-1

[Event "C.to Provinciale AN-AP-FM-MC"]
[Site "Porto Sant'Elpidio ITA"]
[Date "2016.01.30"]
[Round "2"]
[White "Bruni, Emiliano"]
[Black "Menichelli, Alessandro"]
[WhiteElo "1784"]
[BlackElo "1922"]
[Result "1/2-1/2"]
[PlyCount "58"]
[EventDate "2016.01.29"]

1. e4 c5 2. Nf3 g6 3. d4 cxd4 4. Nxd4 Bg7 5. Nc3 Nc6 6. Be3 Nf6 7. Bc4 O-O 8.
O-O d6 9. h3 Qa5 10. Re1 Re8 11. Bb3 Bd7 12. a3 Rac8 13. f4 Qh5 14. Qd3 a6 15.
Rad1 b5 16. Bf2 Na5 17. g4 Qc5 18. Nf5 Qc7 19. Nxg7 Kxg7 20. e5 Nxg4 21. hxg4
Bxg4 22. Rd2 Nxb3 23. cxb3 Bf5 24. Qe3 dxe5 25. fxe5 Be6 26. b4 Qc4 27. Rd4 Qb3
28. Rh4 h5 29. Re2 Red8 1/2-1/2

[Event "C.to Provinciale AN-AP-FM-MC"]
[Site "Porto Sant'Elpidio ITA"]
[Date "2016.01.30"]
[Round "2"]
[White "Cerquetti, Edoardo"]
[Black "Zingaretti, Primo"]
[WhiteElo "1388"]
[BlackElo "1569"]
[Result "1-0"]
[PlyCount "63"]
[EventDate "2016.01.29"]

1. e4 e5 2. Nf3 Nc6 3. Bb5 Bc5 4. O-O Nd4 5. Nxd4 Bxd4 6. c3 Bb6 7. d4 c6 8.
Ba4 Qf6 9. Be3 Ne7 10. Na3 Bc7 11. Qd2 h6 12. f4 exf4 13. Bxf4 Bxf4 14. Rxf4
Qg5 15. Qf2 O-O 16. Rf1 Qg6 17. Bc2 b5 18. e5 Qe6 19. Bb3 Nd5 20. Qf3 Ba6 21.
Nc2 Bb7 22. Ne3 Rae8 23. Nf5 Kh7 24. Nd6 Ba8 25. Bc2+ Kg8 26. Rxf7 Rxf7 27.
Nxf7 Nc7 28. Nd6 Rd8 29. Qd3 g6 30. Rf6 Qe7 31. Rxg6+ Kh7 32. Re6+ 1-0

[Event "C.to Provinciale AN-AP-FM-MC"]
[Site "Porto Sant'Elpidio ITA"]
[Date "2016.01.30"]
[Round "2"]
[White "Della Mora, David"]
[Black "Foglia, Maurizio"]
[WhiteElo "1813"]
[BlackElo "2090"]
[Result "0-1"]
[PlyCount "98"]
[EventDate "2016.01.29"]

1. Nf3 Nf6 2. g3 g6 3. Bg2 Bg7 4. O-O O-O 5. c4 d6 6. Nc3 Nc6 7. d3 e5 8. Rb1
Rb8 9. b4 a6 10. Ng5 h6 11. Nge4 Nxe4 12. Nxe4 Be6 13. Nc3 Ne7 14. Bb2 c6 15.
a3 Qd7 16. Re1 f5 17. e3 b5 18. cxb5 axb5 19. Qc2 Rbe8 20. Rbc1 f4 21. exf4
exf4 22. Ne4 Bxb2 23. Qxb2 Nd5 24. Qc2 f3 25. Bh1 Rc8 26. d4 Kg7 27. Qd3 Bg4
28. Nc3 Nb6 29. d5 Nc4 30. Qd4+ Ne5 31. dxc6 Rxc6 32. Ne4 Rxc1 33. Rxc1 Rc8 34.
Rd1 Rc4 35. Qd5 Be6 36. Qxe5+ dxe5 37. Rxd7+ Bxd7 38. Bxf3 Bc6 39. Nd2 Rc1+ 40.
Kg2 Bxf3+ 41. Nxf3 Kf6 42. Nd2 Ra1 43. Ne4+ Ke6 44. Nc5+ Kd5 45. h4 Rxa3 46. g4
Rc3 47. Na6 Rc6 48. Nb8 Rc4 49. Nd7 Rxg4+ 0-1

[Event "C.to Provinciale AN-AP-FM-MC"]
[Site "Porto Sant'Elpidio ITA"]
[Date "2016.01.30"]
[Round "2"]
[White "Gregori, Giacomo"]
[Black "Fratini, Mauro"]
[WhiteElo "2122"]
[BlackElo "1815"]
[Result "1-0"]
[PlyCount "49"]
[EventDate "2016.01.29"]

1. Nf3 Nf6 2. g3 b6 3. Bg2 Bb7 4. c4 g6 5. O-O Bg7 6. d4 O-O 7. Nc3 Na6 8. Bf4
d5 9. Ne5 c6 10. Rc1 Rc8 11. cxd5 Nxd5 12. Nxd5 cxd5 13. Qa4 Nb8 14. Rxc8 Bxc8
15. Qxa7 Bxe5 16. dxe5 Nc6 17. Qa4 Bd7 18. Qb3 e6 19. h4 Qb8 20. Rd1 Na5 21.
Qb4 Bc6 22. Bh6 Re8 23. Rc1 Qb7 24. Qf4 Qe7 25. h5 1-0

[Event "C.to Provinciale AN-AP-FM-MC"]
[Site "Porto Sant'Elpidio ITA"]
[Date "2016.01.30"]
[Round "2"]
[White "Lattanzi, Matteo"]
[Black "Censi, Cesare"]
[WhiteElo "1686"]
[BlackElo "1514"]
[Result "1-0"]
[PlyCount "141"]
[EventDate "2016.01.29"]

1. e4 e6 2. d4 d5 3. exd5 exd5 4. Bd3 Bd6 5. Ne2 Nf6 6. O-O O-O 7. c4 c6 8.
Nbc3 Be6 9. cxd5 Bxd5 10. Nxd5 Nxd5 11. a3 Nd7 12. Qc2 N7f6 13. Bg5 Qc7 14. Kh1
g6 15. Ng3 Bf4 16. Bxf4 Nxf4 17. Bc4 Rfe8 18. Rfe1 N4d5 19. Qd2 Qf4 20. Qxf4
Nxf4 21. Re3 N4d5 22. Re5 Ng4 23. Rxe8+ Rxe8 24. Kg1 Ngf6 25. f3 Nb6 26. Bb3
Rd8 27. Rd1 Kf8 28. Kf2 Re8 29. Re1 Rxe1 30. Kxe1 Ke7 31. Kd2 Nbd5 32. Ne4 b6
33. Ba4 Nf4 34. Bxc6 Nxg2 35. d5 Ne8 36. b4 Nd6 37. a4 Nh4 38. Ke3 h6 39. f4
Nxe4 40. Kxe4 Kd6 41. a5 f5+ 42. Kd4 g5 43. fxg5 hxg5 44. axb6 axb6 45. h3 Nf3+
46. Ke3 Ng1 47. h4 gxh4 48. Bb7 Ke5 49. Bc8 h3 50. Kf2 Ne2 51. d6 Kxd6 52. Kxe2
h2 53. Bb7 Ke5 54. Kf2 Kf4 55. Bh1 b5 56. Kg2 Ke3 57. Kxh2 f4 58. Bc6 f3 59.
Bxb5 Kd4 60. Bf1 Kd5 61. Kg3 Kc6 62. Kxf3 Kb6 63. Ke4 Kb7 64. Kd5 Kb6 65. Kd6
Kb7 66. Kc5 Kc7 67. b5 Kb7 68. b6 Kb8 69. Kc6 Kc8 70. b7+ Kb8 71. Bg2 1-0

[Event "C.to Provinciale AN-AP-FM-MC"]
[Site "Porto Sant'Elpidio ITA"]
[Date "2016.01.30"]
[Round "2"]
[White "Marchetti, Michael"]
[Black "Sagripanti, Michele"]
[WhiteElo "1818"]
[BlackElo "2157"]
[Result "0-1"]
[PlyCount "54"]
[EventDate "2016.01.29"]

1. Nf3 g6 2. d4 Bg7 3. e3 Nf6 4. b3 O-O 5. Bb2 c5 6. Bd3 b6 7. O-O Bb7 8. c4
cxd4 9. exd4 d5 10. Qe2 Nc6 11. Na3 Nb4 12. Nc2 Nxd3 13. Qxd3 Rc8 14. Ne3 dxc4
15. Nxc4 b5 16. Ncd2 Qd7 17. Rac1 Rfd8 18. Rxc8 Rxc8 19. Ne5 Qd5 20. Ndf3 Nh5
21. Rd1 Rd8 22. Ne1 Nf4 23. Qf3 Bxe5 24. Qxd5 Rxd5 25. Nf3 Bf6 26. g3 Nh3+ 27.
Kg2 Ng5 0-1

[Event "C.to Provinciale AN-AP-FM-MC"]
[Site "Porto Sant'Elpidio ITA"]
[Date "2016.01.30"]
[Round "2"]
[White "Miandro, Steven"]
[Black "Cappella, Leonardo"]
[WhiteElo "1881"]
[BlackElo "1649"]
[Result "1-0"]
[PlyCount "77"]
[EventDate "2016.01.29"]

1. d4 Nf6 2. c4 e6 3. Nc3 d5 4. cxd5 exd5 5. Bg5 c6 6. Qc2 Be7 7. e3 O-O 8. Bd3
Nbd7 9. Nge2 Re8 10. O-O Nf8 11. f3 Nh5 12. Bxe7 Rxe7 13. Qd2 f5 14. Rae1 Nf6
15. Kh1 b6 16. Ng3 g6 17. Qf2 c5 18. Nce2 c4 19. Bb1 Bb7 20. Nc3 Qe8 21. Nd1 b5
22. Qd2 Rd8 23. Nf2 Rd6 24. Re2 f4 25. exf4 Rxe2 26. Nxe2 Re6 27. Ng3 Nh5 28.
Nxh5 gxh5 29. f5 Re2 30. Qg5+ Kh8 31. Qf6+ Kg8 32. Qg5+ Kh8 33. Qc1 b4 34. Nh3
Qe3 35. Qxe3 Rxe3 36. Nf4 a5 37. Kg1 Ba6 38. Kf2 Re7 39. Re1 1-0

[Event "C.to Provinciale AN-AP-FM-MC"]
[Site "Porto Sant'Elpidio ITA"]
[Date "2016.01.30"]
[Round "2"]
[White "Nagni, Marco"]
[Black "Rinaudo, Claudio"]
[WhiteElo "1775"]
[BlackElo "1892"]
[Result "1/2-1/2"]
[PlyCount "98"]
[EventDate "2016.01.29"]

1. d4 d5 2. c4 e6 3. Nc3 Be7 4. cxd5 exd5 5. Bf4 c6 6. e3 Nf6 7. Bd3 Nbd7 8.
Qc2 Nf8 9. h3 Ne6 10. Be5 h6 11. Nf3 O-O 12. O-O Re8 13. Rab1 b6 14. b4 Bb7 15.
Bf5 Bd6 16. Rfc1 Bxe5 17. Nxe5 Qd6 18. Nxf7 Kxf7 19. Bg6+ Kg8 20. Bxe8 Rxe8 21.
a4 Rc8 22. Qd3 Nd7 23. Ne2 Ng5 24. Ng3 Rf8 25. Rc2 Qe6 26. Kh2 Qd6 27. Kg1 Re8
28. a5 Qe6 29. Kh2 Nf7 30. Qf5 Nd6 31. Qxe6+ Rxe6 32. axb6 axb6 33. Rbc1 Kf7
34. Ra1 Nb5 35. Ne2 Nb8 36. Nc3 Nxc3 37. Rxc3 Ba6 38. Rca3 Bb5 39. Ra8 Nd7 40.
R1a7 Re7 41. Rc8 Ke6 42. Rca8 Nf6 43. f3 Rxa7 44. Rxa7 Nd7 45. Kg3 Bd3 46. Kf4
Bf5 47. g4 g5+ 48. Kg3 Bh7 49. h4 Bg8 1/2-1/2

[Event "C.to Provinciale AN-AP-FM-MC"]
[Site "Porto Sant'Elpidio ITA"]
[Date "2016.01.30"]
[Round "2"]
[White "Occhipinti, Giuseppe"]
[Black "Vannicola, Roberto"]
[WhiteElo "1969"]
[BlackElo "1549"]
[Result "1-0"]
[PlyCount "61"]
[EventDate "2016.01.29"]

1. e4 c6 2. d4 d5 3. Nc3 dxe4 4. Nxe4 Bf5 5. Ng3 Bg6 6. h4 h6 7. h5 Bh7 8. Nf3
e6 9. Bd3 Bxd3 10. Qxd3 Bd6 11. Bd2 Nf6 12. O-O-O Qc7 13. Ne4 Nxe4 14. Qxe4 Nd7
15. c4 Nf6 16. Qe2 O-O 17. g4 Bf4 18. g5 Bxd2+ 19. Qxd2 hxg5 20. Qxg5 Nh7 21.
Qh4 Qa5 22. Rhg1 Qf5 23. Rg3 Kh8 24. Rdg1 Rg8 25. Ne5 Nf6 26. Rf3 Qxh5 27. Rh1
Qh6+ 28. Qxh6+ gxh6 29. Rxf6 Rg7 30. Nxf7+ Kh7 31. Rhxh6+ 1-0

[Event "C.to Provinciale AN-AP-FM-MC"]
[Site "Porto Sant'Elpidio ITA"]
[Date "2016.01.30"]
[Round "2"]
[White "Peretti, Feliciano"]
[Black "Guglielmi, Dante"]
[WhiteElo "1212"]
[BlackElo "1851"]
[Result "0-1"]
[PlyCount "80"]
[EventDate "2016.01.29"]

1. e4 c5 2. c3 d5 3. exd5 Qxd5 4. d4 e6 5. Nf3 Nf6 6. Be3 Ng4 7. Bd2 Be7 8. c4
Qe4+ 9. Qe2 Qxe2+ 10. Bxe2 O-O 11. Nc3 Nc6 12. d5 Nb4 13. Rc1 exd5 14. cxd5 Nf6
15. Bc4 Rd8 16. O-O Nfxd5 17. Nxd5 Nxd5 18. Rfe1 Be6 19. Bg5 Bf6 20. Bxf6 gxf6
21. h3 b6 22. Re2 Nf4 23. Re3 Rd6 24. Bxe6 fxe6 25. Nh2 Rad8 26. Ng4 Kg7 27.
Rce1 Rd1 28. Kh2 Rxe1 29. Rxe1 e5 30. Ne3 Rd2 31. Kg3 Kg6 32. Nc4 Rc2 33. Ne3
Rxb2 34. Rd1 Ne2+ 35. Kg4 Nd4 36. Kg3 Rxa2 37. Rf1 Nf5+ 38. Nxf5 Kxf5 39. Rd1
c4 40. Rc1 b5 0-1